Countries: No Vowels 3 - Statistics

General Stats
  • This quiz has been taken 57 times
  • The average score is 13 of 15
Answer Stats
Consonants Country % Correct
SWDN SWEDEN
100%
BNGLDSH BANGLADESH
98%
CHL CHILE
98%
LXMBRG LUXEMBOURG
98%
VNZL VENEZUELA
98%
DMNC DOMINICA
94%
TWN TAIWAN
94%
BLRS BELARUS
92%
BHTN BHUTAN
92%
CMBD CAMBODIA
92%
RLND IRELAND
84%
TRK TURKEY
82%
KRBT KIRIBATI
71%
SRL ISRAEL
61%
NTDRBMRTS UNITED ARAB EMIRATES
41%
No matching quizzes found
Score Distribution
Percent of People with Each Score
Percentile by Number Answered
Your Score History
You have not taken this quiz